000 01105nas a2200349 4500
001 BR8100587
003 BR-BrBNA
005 20231205084520.0
007 ta
008 230509b bl.|||p| |||| 00| 00por d
040 _aBR-BrBNA
_bpor
_cBiblioteca Nacional de Agricultura
041 _a(Pt)
072 _aF00; H00; F25
100 1 _aPons, A.L.
100 1 _aBarreto, B.A.
100 1 _aSecchi, V.A.
100 1 _aMartinotto, V.
245 1 _aA cultura do feijoeiro no RS [Phaseolus vulgaris; Pratica cultural; Rio Grande do Sul; Brasil]
246 1 _a[Bean plant cropping in RS [Phaseolus vulgaris; Cultural practice; Rio Grande do Sul; Brazil]]
650 _aProducao vegetal
650 _aDefesa vegetal
650 _aFertilidade do solo
650 _aFeijao
650 _aPratica cultural
650 _aErva daninha
650 _aPraga de planta
650 _aDoenca de planta
650 _aRio Grande do Sul
773 0 _tTrigo e Soja (Brazil)
_xISSN 0100-5456
_g(Apr 1980), (no. 48) p. 3-31
_wBR8100587
909 _a202311
_bLúcia
_c55
_dLúcia Elande
942 _2AGRIS
_n0
_cANA
999 _c105695
_d105695